000 00529nam a22001817a 4500
003 OSt
005 20240702161049.0
008 240702b |||||||| |||| 00| 0 eng d
020 _a019513995x
040 _aDDC
_cMUST
082 _a338.5 SAL 2003
_b20
100 _aSalvatore Dominick
_97686
245 _aMicroeconomic:
_bTheory and Applications/
_cSalvatore Dominick.
300 _axxxix,724p.:
_bill,;
_c24cm.
504 _aIncludes Bibliographical Appendixes and indexes.
650 _aEconomics
_9975
942 _2ddc
_cO_SHELF
999 _c9041
_d9041